[Event "Thüringenliga 2011/2012"]
[Site "?"]
[Date "2012.01.08"]
[Round "5"]
[White "Sauer, Marko"]
[Black "Hermannsdörfer, Frank"]
[Result "1/2-1/2"]
[WhiteElo "1929"]
[BlackElo "2145"]
[PlyCount "203"]
[EventDate "2011.??.??"]
[WhiteTeam "SG Arnstadt-Stadtilm"]
[BlackTeam "SV 1861 Liebschwitz"]

1. e4 d6 2. d4 Nf6 3. Nc3 e5 4. dxe5 dxe5 5. Qxd8+ Kxd8 6. Bg5 Be6 7. Nf3 Nbd7
8. O-O-O Kc8 9. a3 Bc5 10. Bh4 Ng4 11. Rd2 f6 12. h3 Nh6 13. g4 g5 14. Bg3 Nf7
15. Be2 a6 16. h4 h6 17. hxg5 hxg5 18. Rxh8+ Nxh8 19. Rd1 b5 20. Rh1 Kb7 21.
Ne1 Nf7 22. Nd3 Bd4 23. Nd1 a5 24. f3 Rd8 25. Bf2 c5 26. c3 Bxf2 27. N3xf2 c4
28. Ne3 Nc5 29. Kc2 Kc6 30. Nf5 Nb3 31. Rd1 Rb8 32. Ng7 Nc5 33. Nxe6 Nxe6 34.
a4 Nd6 35. axb5+ Rxb5 36. Rh1 Nf4 37. Bf1 Rb8 38. Rh6 Kc5 39. Nd1 a4 40. Rh7
Rb7 41. Rh8 Ng6 42. Ra8 Rh7 43. Ra5+ Kc6 44. Rxa4 Rh2+ 45. Kc1 Nf4 46. Bxc4
Nxc4 47. Rxc4+ Kb5 48. Rc8 Nd3+ 49. Kb1 Rh1 50. Kc2 Ne1+ 51. Kd2 Nxf3+ 52. Ke2
Nh4 53. c4+ Kb4 54. c5 Ng6 55. c6 Nf4+ 56. Kd2 Rh2+ 57. Ke3 Kc5 58. Nc3 Ne6 59.
c7 Kc6 60. Nd5 Kd7 61. Rb8 Nxc7 62. Nxf6+ Kc6 63. b4 Nb5 64. Nd5 Rh3+ 65. Kf2
Nd6 66. Kg2 Rb3 67. Rb6+ Kd7 68. Nf6+ Kc7 69. Ra6 Rb2+ 70. Kf3 Rb3+ 71. Ke2 Nb5
72. Nd5+ Kd7 73. Rg6 Nd4+ 74. Kf2 Rb2+ 75. Ke3 Rb3+ 76. Kd2 Rg3 77. b5 Nxb5 78.
Rxg5 Nd4 79. Rg6 Ne6 80. Nb6+ Ke7 81. Nc4 Nc5 82. Nxe5 Nxe4+ 83. Ke2 Nc3+ 84.
Kf1 Ne4 85. Rb6 Nf6 86. Rb4 Ke6 87. Kf2 Rc3 88. Nf3 Rc2+ 89. Kg3 Rc3 90. g5 Nd5
91. Re4+ Kf7 92. Re5 Ne7 93. Kg4 Rc1 94. Rb5 Rh1 95. Ne5+ Ke6 96. Nf3 Kf7 97.
Rb6 Nd5 98. Rd6 Ne3+ 99. Kf4 Ng2+ 100. Kg3 Ne3 101. Ne5+ Ke7 102. Ra6 1/2-1/2

[Event "Thüringenliga 2011/2012"]
[Site "?"]
[Date "2012.01.08"]
[Round "5"]
[White "Weiß, Werner"]
[Black "Bächer, Reinhard"]
[Result "1-0"]
[WhiteElo "2032"]
[BlackElo "1881"]
[PlyCount "91"]
[EventDate "2011.??.??"]
[WhiteTeam "SV 1861 Liebschwitz"]
[BlackTeam "SG Arnstadt-Stadtilm"]

1. Nf3 Nf6 2. g3 d5 3. d3 g6 4. Bg2 Bg7 5. O-O O-O 6. c3 Re8 7. Qc2 c6 8. e4
dxe4 9. dxe4 e5 10. Rd1 Qc7 11. Be3 Nbd7 12. h3 b6 13. Nbd2 Ba6 14. Bf1 Bxf1
15. Nxf1 Bf8 16. g4 Nc5 17. Ng5 h6 18. b4 Ncd7 19. Nf3 c5 20. b5 c4 21. N3d2
Nc5 22. Ng3 Ne6 23. Ne2 Nf4 24. Nxf4 exf4 25. Bd4 Nd7 26. Re1 Ne5 27. Bxe5 Rxe5
28. a4 Bg7 29. Nf3 Ree8 30. Rad1 Rad8 31. Nd4 Qc5 32. Nc6 Rxd1 33. Rxd1 a5 34.
Rd5 Qa3 35. e5 Qb3 36. Qd2 Qxa4 37. Rd8 Qa1+ 38. Kg2 Rf8 39. Qxf4 Qxc3 40. Ne7+
Kh7 41. Rxf8 Qxe5 42. Qxe5 Bxe5 43. Rxf7+ Kh8 44. Rf8+ Kh7 45. Rc8 c3 46. Nd5
1-0

[Event "Thüringenliga 2011/2012"]
[Site "?"]
[Date "2012.01.08"]
[Round "5"]
[White "Schätz, Bianca"]
[Black "Katzer, Michael"]
[Result "0-1"]
[WhiteElo "1822"]
[BlackElo "1848"]
[PlyCount "76"]
[EventDate "2011.??.??"]
[WhiteTeam "SG Arnstadt-Stadtilm"]
[BlackTeam "SV 1861 Liebschwitz"]

1. e4 c6 2. d4 d5 3. exd5 cxd5 4. Bd3 Nc6 5. c3 Nf6 6. Bf4 Bg4 7. Ne2 e6 8. Qb3
Qd7 9. Ng3 Be7 10. Nd2 O-O 11. h3 Bh5 12. O-O Bg6 13. Bxg6 hxg6 14. Nf3 Bd6 15.
Bxd6 Qxd6 16. Rfe1 Rab8 17. a4 Na5 18. Qc2 Rfc8 19. Ne5 Qb6 20. Ne2 Nc4 21.
Nxc4 dxc4 22. Ng3 Nd5 23. Ne4 Qc6 24. g3 Rd8 25. Nd2 Nf6 26. a5 b5 27. axb6
axb6 28. b3 cxb3 29. Qxb3 Rd5 30. g4 Rd7 31. Rab1 Nd5 32. c4 Nf4 33. d5 exd5
34. cxd5 Qxd5 35. Qxd5 Rxd5 36. Nf3 Nxh3+ 37. Kg2 Nf4+ 38. Kg3 Ne6 0-1

[Event "Thüringenliga 2011/2012"]
[Site "?"]
[Date "2012.01.08"]
[Round "5"]
[White "Gerhardt, Frank"]
[Black "Schumacher, Andreas"]
[Result "1-0"]
[WhiteElo "2037"]
[BlackElo "1688"]
[PlyCount "29"]
[EventDate "2011.??.??"]
[WhiteTeam "SV 1861 Liebschwitz"]
[BlackTeam "SG Arnstadt-Stadtilm"]

1. e4 c5 2. Nf3 d6 3. d4 cxd4 4. Nxd4 Nf6 5. Nc3 e6 6. g4 a6 7. h3 Nc6 8. Be3
Qc7 9. f4 Be7 10. Qf3 Nxd4 11. Bxd4 b5 12. g5 e5 13. gxf6 exd4 14. Nd5 Qa5+ 15.
b4 1-0

[Event "Thüringenliga 2011/2012"]
[Site "?"]
[Date "2012.01.08"]
[Round "5"]
[White "Widmann, Benjamin"]
[Black "Kastner, Peter"]
[Result "1/2-1/2"]
[WhiteElo "1758"]
[BlackElo "1994"]
[PlyCount "26"]
[EventDate "2011.??.??"]
[WhiteTeam "SG Arnstadt-Stadtilm"]
[BlackTeam "SV 1861 Liebschwitz"]

1. c4 e5 2. Nc3 Nf6 3. Nf3 Nc6 4. g3 d5 5. cxd5 Nxd5 6. Bg2 Nb6 7. d3 Be7 8.
O-O O-O 9. a3 a5 10. Be3 Be6 11. Ne4 Bd5 12. Nc3 Be6 13. Ne4 Bd5 1/2-1/2

[Event "Thüringenliga 2011/2012"]
[Site "?"]
[Date "2012.01.08"]
[Round "5"]
[White "Birke, Andreas"]
[Black "Jank, Kevin"]
[Result "1-0"]
[WhiteElo "2131"]
[BlackElo "1628"]
[PlyCount "69"]
[EventDate "2011.??.??"]
[WhiteTeam "SV 1861 Liebschwitz"]
[BlackTeam "SG Arnstadt-Stadtilm"]

1. e4 e5 2. Nf3 Nc6 3. Bc4 Nf6 4. d3 Be7 5. Nc3 d6 6. a3 Bg4 7. h3 Bxf3 8. Qxf3
Nd4 9. Qd1 O-O 10. Be3 Ne6 11. Nd5 c6 12. Nxe7+ Qxe7 13. O-O d5 14. exd5 Nxd5
15. Bd2 Ndf4 16. Kh2 Kh8 17. g3 Nd5 18. Bxd5 cxd5 19. Bb4 Qc7 20. Bxf8 Rxf8 21.
c3 f5 22. f3 f4 23. g4 Rf6 24. Kg2 Rh6 25. Rh1 Qe7 26. Qe1 Nc5 27. Rd1 Re6 28.
Qf2 e4 29. dxe4 dxe4 30. fxe4 Nxe4 31. Qxf4 Rf6 32. Qe3 Rf2+ 33. Kg1 Rf6 34.
Qxe4 Re6 35. Qxe6 1-0

[Event "Thüringenliga 2011/2012"]
[Site "?"]
[Date "2012.01.08"]
[Round "5"]
[White "Langheinrich, Ferenc"]
[Black "Urban, Lars"]
[Result "0-1"]
[WhiteElo "2322"]
[BlackElo "1913"]
[PlyCount "72"]
[EventDate "2011.??.??"]
[WhiteTeam "SC 51 Nordhausen"]
[BlackTeam "SV Empor Erfurt"]

1. Nf3 d5 2. g3 Nf6 3. Bg2 e6 4. O-O Be7 5. d3 O-O 6. Nbd2 c5 7. e4 Nc6 8. Re1
dxe4 9. dxe4 e5 10. c3 b6 11. Qc2 Qc7 12. Nc4 Ba6 13. Bf1 Rad8 14. b3 Bb7 15.
Bg5 Ng4 16. h3 Bxg5 17. hxg4 Be7 18. Ne3 Qc8 19. Bc4 h6 20. Bd5 Bg5 21. Nf5 g6
22. Nxg5 gxf5 23. gxf5 Rxd5 24. exd5 hxg5 25. f6 Qg4 26. Qe4 Qxe4 27. Rxe4 Kh7
28. f3 Nd4 29. cxd4 exd4 30. Re5 Kg6 31. g4 Rd8 32. Rae1 Bxd5 33. Kf2 Be6 34.
f4 gxf4 35. g5 Bf5 36. Re7 d3 0-1

[Event "Thüringenliga 2011/2012"]
[Site "?"]
[Date "2012.01.08"]
[Round "5"]
[White "Kuntze, Andreas"]
[Black "Buckan, Jens"]
[Result "1/2-1/2"]
[WhiteElo "2025"]
[BlackElo "1956"]
[PlyCount "144"]
[EventDate "2011.??.??"]
[WhiteTeam "SC 51 Nordhausen"]
[BlackTeam "SV Empor Erfurt"]

1. e4 c5 2. Nc3 d6 3. f4 g6 4. Nf3 Bg7 5. Bc4 e6 6. O-O Ne7 7. d3 Nbc6 8. a3
O-O 9. Qe1 Nd4 10. Nxd4 Bxd4+ 11. Kh1 a6 12. Ne2 Bg7 13. Ng3 b5 14. Bb3 Kh8 15.
c3 f5 16. Be3 Nc6 17. Rd1 Re8 18. Qd2 Bb7 19. Ba2 Rc8 20. Rfe1 Re7 21. Re2 Qa5
22. d4 cxd4 23. cxd4 Qxd2 24. Rexd2 Na5 25. e5 d5 26. Ne2 Rec7 27. Kg1 Bf8 28.
b4 Nc4 29. Bxc4 Rxc4 30. Rb2 Kg8 31. Kf1 Kf7 32. Ke1 Ke8 33. Kd2 Kd7 34. Rc1
Kc7 35. Rxc4+ dxc4 36. g3 Bd5 37. Nc3 Kc6 38. Kc2 Rb8 39. Na2 Be7 40. Bd2 h6
41. h4 g5 42. hxg5 hxg5 43. Nc3 Rh8 44. fxg5 Rg8 45. Rb1 Bxg5 46. Rg1 Bf3 47.
Bxg5 Rxg5 48. Kd2 f4 49. g4 Rxg4 50. Rxg4 Bxg4 51. Ke1 Bf3 52. Kf2 Bd5 53. Ne2
Be4 54. Nxf4 c3 55. Ke3 Bf5 56. Ke2 Kd7 57. Ke3 Ke7 58. Ne2 c2 59. Kd2 Kf7 60.
Nc1 Kg6 61. Nb3 Kg5 62. Nc5 Kf4 63. Nxa6 Ke4 64. Nc7 Kxd4 65. Nxb5+ Kxe5 66. a4
Kd5 67. Na3 Be4 68. Nxc2 Kc4 69. b5 e5 70. Ne3+ Kb4 71. Ng4 Kxa4 72. Nxe5 Kxb5
1/2-1/2

[Event "Thüringenliga 2011/2012"]
[Site "?"]
[Date "2012.01.08"]
[Round "5"]
[White "Taudte, Stefan"]
[Black "Möller, Axel"]
[Result "0-1"]
[WhiteElo "2000"]
[BlackElo "1965"]
[PlyCount "88"]
[EventDate "2011.??.??"]
[WhiteTeam "SV Empor Erfurt"]
[BlackTeam "SC 51 Nordhausen"]

1. d4 Nf6 2. c4 g6 3. Nc3 Bg7 4. e4 d6 5. h3 O-O 6. Bg5 h6 7. Be3 e5 8. d5 Na6
9. Bd3 Nc5 10. Bc2 a5 11. Qd2 Kh7 12. Nge2 Bd7 13. g4 Qe8 14. Ng3 b5 15. cxb5
Bxb5 16. g5 Ng8 17. gxh6 Bxh6 18. h4 Bxe3 19. Qxe3 f6 20. O-O-O Rb8 21. Rdg1
Nh6 22. Qf3 Bd7 23. Nf1 Ba4 24. Bb1 Rb4 25. Ne3 Bd7 26. Rg2 Qf7 27. Rhg1 Rg8
28. Qe2 Qe7 29. Nf5 Bxf5 30. exf5 Rxh4 31. fxg6+ Kg7 32. f3 Rh8 33. Rh2 f5 34.
Qf2 Ng4 35. Rxh4 Nxf2 36. Rxh8 Nfd3+ 37. Bxd3 Nxd3+ 38. Kd2 Kxh8 39. Kxd3 Qh4
40. Nb5 Kg7 41. Rg2 e4+ 42. Ke3 exf3 43. Kxf3 Qe4+ 44. Kg3 Qd3+ 0-1

[Event "Thüringenliga 2011/2012"]
[Site "?"]
[Date "2012.01.08"]
[Round "5"]
[White "Koksch, Robert"]
[Black "Wahlicht, Mike"]
[Result "1/2-1/2"]
[WhiteElo "1931"]
[BlackElo "1880"]
[PlyCount "45"]
[EventDate "2011.??.??"]
[WhiteTeam "SC 51 Nordhausen"]
[BlackTeam "SV Empor Erfurt"]

1. d4 Nf6 2. c4 e6 3. Nc3 Bb4 4. e3 Nc6 5. Nf3 d6 6. Qc2 Qe7 7. Bd2 e5 8. dxe5
dxe5 9. a3 Bxc3 10. Bxc3 a5 11. Be2 O-O 12. O-O Bg4 13. Rfe1 Qe6 14. Nd2 Bxe2
15. Rxe2 Rfe8 16. Rae1 Nd7 17. b3 e4 18. f3 exf3 19. Nxf3 Qe4 20. Qxe4 Rxe4 21.
Bd4 Nde5 22. Nxe5 Nxe5 23. Bxe5 1/2-1/2

[Event "Thüringenliga 2011/2012"]
[Site "?"]
[Date "2012.01.08"]
[Round "5"]
[White "Thiemann, Jürgen"]
[Black "Königsmann, Marcus"]
[Result "0-1"]
[WhiteElo "1705"]
[BlackElo "1887"]
[PlyCount "86"]
[EventDate "2011.??.??"]
[WhiteTeam "SV Empor Erfurt"]
[BlackTeam "SC 51 Nordhausen"]

1. d4 Nf6 2. c4 g6 3. Nc3 d5 4. Bg5 Ne4 5. Bh4 Nxc3 6. bxc3 Bg7 7. e3 c5 8. Nf3
Nc6 9. Be2 O-O 10. O-O dxc4 11. Bxc4 Bg4 12. h3 Bxf3 13. Qxf3 Qc7 14. Rac1 e6
15. Bg3 Qe7 16. Rfd1 Rfd8 17. Qe4 a6 18. Bh4 Bf6 19. Bxf6 Qxf6 20. d5 Qe5 21.
f3 Qxe4 22. fxe4 Ne5 23. Be2 c4 24. Rd4 b5 25. g4 Kf8 26. Kf2 Ke7 27. Rcd1 h6
28. Ke1 a5 29. Kd2 Nd7 30. Kc2 Nc5 31. Bf3 e5 32. R4d2 b4 33. Rb1 b3+ 34. axb3
cxb3+ 35. Rxb3 Nxb3 36. Kxb3 Kd6 37. Be2 Rab8+ 38. Ka4 Rb1 39. Bb5 Rb8 40. c4
Ra1+ 41. Kb3 Re1 42. Rf2 Rxe3+ 43. Kc2 Ke7 0-1

[Event "Thüringenliga 2011/2012"]
[Site "?"]
[Date "2012.01.08"]
[Round "5"]
[White "Schilling, Rolf"]
[Black "Günther, Oliver"]
[Result "1-0"]
[WhiteElo "1960"]
[BlackElo "1658"]
[PlyCount "87"]
[EventDate "2011.??.??"]
[WhiteTeam "SC 51 Nordhausen"]
[BlackTeam "SV Empor Erfurt"]

1. e4 e5 2. Bc4 Nf6 3. d3 Bc5 4. Nf3 d6 5. Nc3 Bg4 6. h3 Bh5 7. Be3 Bxe3 8.
fxe3 c6 9. O-O O-O 10. g4 Bg6 11. Bb3 Qb6 12. Qe2 Na6 13. a3 Nc5 14. Bc4 Qxb2
15. Qd2 Qb6 16. Nh4 Qa5 17. Rf2 b5 18. Nxg6 hxg6 19. Ba2 Qb6 20. Raf1 g5 21.
Rf5 Ne6 22. Qf2 a5 23. Nd1 Ra7 24. h4 Nxg4 25. Qf3 Nxe3 26. Qxe3 Qxe3+ 27. Nxe3
Nf4 28. hxg5 g6 29. Rf6 Rd7 30. Ng2 Ne2+ 31. Kh2 Nc3 32. Be6 Rb7 33. Rxg6+ Kh7
34. Rh6+ Kg7 35. Bg4 b4 36. axb4 Rxb4 37. Ne3 d5 38. Nf5+ Kg8 39. Ne7+ Kg7 40.
Nf5+ Kg8 41. g6 fxg6 42. Rxg6+ Kh7 43. Rh6+ Kg8 44. Ne7+ 1-0

[Event "Thüringenliga 2011/2012"]
[Site "?"]
[Date "2012.01.08"]
[Round "5"]
[White "Nicolai, Tim"]
[Black "Reichardt, Hans-Ulrich"]
[Result "1/2-1/2"]
[WhiteElo "1543"]
[BlackElo "1701"]
[PlyCount "83"]
[EventDate "2011.??.??"]
[WhiteTeam "SV Empor Erfurt"]
[BlackTeam "SC 51 Nordhausen"]

1. e4 e6 2. d4 d5 3. Nc3 Nf6 4. e5 Ne4 5. Nxe4 dxe4 6. Be3 c5 7. a3 cxd4 8.
Bxd4 Nc6 9. Bc3 Bd7 10. Qe2 Qb6 11. Qxe4 Bc5 12. Nh3 Bd4 13. Bd3 Bxc3+ 14. bxc3
Qb2 15. O-O Qxc3 16. f4 Na5 17. Qb4 Qc7 18. Ng5 Nc6 19. Qb2 g6 20. Ne4 O-O 21.
Nf6+ Kg7 22. Rad1 Rad8 23. Rf3 Bc8 24. Rh3 h6 25. Re1 Rd4 26. Qc1 Rh8 27. Qe3
Qb6 28. Kh1 Ne7 29. c3 Ra4 30. Qxb6 axb6 31. Be4 Rxa3 32. g4 Nd5 33. Nxd5 exd5
34. Bxd5 Bxg4 35. Rg3 Bc8 36. Rb1 Rd8 37. c4 Rxg3 38. hxg3 Rd7 39. Rxb6 Rc7 40.
Kg2 Kh7 41. Kf3 Kg7 42. Ke3 1/2-1/2

[Event "Thüringenliga 2011/2012"]
[Site "?"]
[Date "2012.01.08"]
[Round "5"]
[White "Manicke, Hans-Joachim"]
[Black "Bräuer, Franz"]
[Result "0-1"]
[WhiteElo "1921"]
[BlackElo "2257"]
[PlyCount "90"]
[EventDate "2011.??.??"]
[WhiteTeam "VfL 1990 Gera"]
[BlackTeam "SV Jenapharm Jena"]

1. e4 e5 2. Nf3 Nc6 3. Nc3 Nf6 4. Bb5 Nd4 5. Ba4 c6 6. d3 d6 7. h3 Be7 8. O-O
a5 9. a3 b5 10. Bb3 Nxb3 11. cxb3 Bb7 12. Re1 O-O 13. Ne2 Re8 14. Ng3 c5 15.
Bg5 h6 16. Be3 Bf8 17. Rc1 Rc8 18. Bd2 g6 19. Qc2 Bg7 20. Rcd1 Qb6 21. Bc1 Bc6
22. Qe2 Nd7 23. h4 Nf8 24. h5 Ne6 25. hxg6 fxg6 26. Nh4 Nf8 27. Qe3 Qd8 28. Nf3
Ne6 29. Ne2 Rc7 30. Qd2 Rf7 31. Qc2 Qa8 32. Bd2 Ref8 33. Qc1 Kh7 34. Rf1 b4 35.
Nh2 Qa6 36. Qc2 h5 37. a4 Bxe4 38. Bc1 Bb7 39. Qd2 Qc6 40. f3 Qd5 41. Qc2 Bh6
42. Bxh6 Kxh6 43. Qc4 Rc8 44. Rfe1 Nd4 45. Nc1 Rf4 0-1

[Event "Thüringenliga 2011/2012"]
[Site "?"]
[Date "2012.01.08"]
[Round "5"]
[White "Neidig, Stefan"]
[Black "Seidens, Gunter"]
[Result "1/2-1/2"]
[WhiteElo "2092"]
[BlackElo "2017"]
[PlyCount "141"]
[EventDate "2011.??.??"]
[WhiteTeam "SV Jenapharm Jena"]
[BlackTeam "VfL 1990 Gera"]

1. d4 d5 2. Nf3 Nf6 3. g3 c5 4. c3 e6 5. Bg2 Nc6 6. O-O Bd6 7. Nbd2 O-O 8. dxc5
Bxc5 9. Ne1 e5 10. Nd3 Bb6 11. c4 Be6 12. b3 e4 13. Nf4 e3 14. fxe3 Ng4 15. Nf3
Nxe3 16. Bxe3 Bxe3+ 17. Kh1 Bxf4 18. cxd5 Bxd5 19. gxf4 Be4 20. Qxd8 Rfxd8 21.
Rfd1 f6 22. Kg1 Kf7 23. Kf2 Ke7 24. Ne1 Bxg2 25. Nxg2 Nb4 26. Ne3 Rxd1 27. Rxd1
Ke6 28. f5+ Ke7 29. a3 Nc6 30. Nd5+ Kf7 31. Nb4 Ne5 32. Nd3 Nxd3+ 33. Rxd3 Ke7
34. Rh3 h6 35. Rg3 Rg8 36. Ke3 Kd6 37. Kd4 b6 38. e4 a6 39. Rg6 Ke7 40. e5 Rd8+
41. Ke4 Kf7 42. exf6 gxf6 43. Rxh6 Kg7 44. Rh3 Rd1 45. Rg3+ Kf7 46. Rc3 Re1+
47. Kf4 Rf1+ 48. Kg4 Rg1+ 49. Rg3 Ra1 50. b4 a5 51. bxa5 bxa5 52. h4 a4 53. Rc3
Ke7 54. h5 Kf7 55. h6 Rg1+ 56. Kf4 Rf1+ 57. Ke4 Re1+ 58. Kd4 Rf1 59. Rh3 Kg8
60. h7+ Kh8 61. Rh5 Rd1+ 62. Kc4 Rg1 63. Kd5 Re1 64. Kd6 Re3 65. Rh4 Re5 66.
Rxa4 Kxh7 67. Rf4 Kh6 68. a4 Kg5 69. Rb4 Kxf5 70. Rb5 Kf4 71. Rxe5 1/2-1/2

[Event "Thüringenliga 2011/2012"]
[Site "?"]
[Date "2012.01.08"]
[Round "5"]
[White "Kretzschmar, Bernd"]
[Black "Middelhoff, Cornelius"]
[Result "0-1"]
[WhiteElo "1879"]
[BlackElo "2011"]
[PlyCount "108"]
[EventDate "2011.??.??"]
[WhiteTeam "VfL 1990 Gera"]
[BlackTeam "SV Jenapharm Jena"]

1. e4 c5 2. Nf3 Nc6 3. b3 e6 4. Bb2 Nf6 5. e5 Nd5 6. c4 Nc7 7. Be2 d5 8. exd6
Bxd6 9. O-O e5 10. Nc3 O-O 11. Re1 Bf5 12. d3 Re8 13. Ne4 Bxe4 14. dxe4 Ne6 15.
Bf1 Ned4 16. Bc3 Qf6 17. Re3 Bc7 18. Nd2 Rad8 19. Rb1 Ba5 20. a3 Bxc3 21. Rxc3
a5 22. Qg4 Qe6 23. Qg5 Qe7 24. Qg4 Qe6 25. Qg5 Qe7 26. Qg4 Rd6 27. Rg3 Rg6 28.
Qh5 Rd8 29. Rxg6 hxg6 30. Qg4 Qd7 31. Qg3 Ne2+ 32. Bxe2 Qxd2 33. Bf1 Qa2 34.
Re1 Qxa3 35. h4 Qb2 36. h5 gxh5 37. Be2 Qd2 38. Kf1 g6 39. Rd1 Qf4 40. Rxd8+
Nxd8 41. Qd3 Qh4 42. Kg1 Nc6 43. Qd7 Qe7 44. Qc8+ Kg7 45. g3 Nd4 46. Bd1 b6 47.
Kg2 Qg5 48. Qc7 h4 49. Kh3 hxg3 50. fxg3 Qh6+ 51. Kg2 Qd2+ 52. Kh3 Qxd1 53.
Qxe5+ Kh7 54. Qf6 Qh1+ 0-1

[Event "Thüringenliga 2011/2012"]
[Site "?"]
[Date "2012.01.08"]
[Round "5"]
[White "Darr, Sascha"]
[Black "Huster, Mike"]
[Result "1-0"]
[WhiteElo "2068"]
[BlackElo "1908"]
[PlyCount "85"]
[EventDate "2011.??.??"]
[WhiteTeam "SV Jenapharm Jena"]
[BlackTeam "VfL 1990 Gera"]

1. e4 d5 2. exd5 Nf6 3. d4 Nxd5 4. Nf3 Bg4 5. c4 Nb6 6. c5 N6d7 7. h3 Bxf3 8.
Qxf3 c6 9. Bc4 e6 10. O-O Be7 11. Nc3 O-O 12. Bf4 Nf6 13. Rad1 Nbd7 14. Rfe1
Nd5 15. Bh2 b6 16. cxb6 axb6 17. Bb3 Bb4 18. Rd3 N7f6 19. Be5 Bd6 20. Qg3 Bxe5
21. dxe5 Nh5 22. Qg4 Nhf4 23. Rd4 h5 24. Qg3 Ng6 25. Bc2 Nge7 26. Qf3 Qe8 27.
Qxh5 f5 28. Qxe8 Raxe8 29. Bb3 g5 30. Rc1 Rc8 31. g3 f4 32. g4 Kg7 33. Ne4 Rh8
34. Nxg5 Kg6 35. Nf3 Rxh3 36. Kg2 Rch8 37. Bc2+ Kg7 38. Be4 Ng6 39. Bxg6 Kxg6
40. Rxc6 Ne3+ 41. fxe3 Rg3+ 42. Kf2 Rhh3 43. Rxe6+ 1-0

[Event "Thüringenliga 2011/2012"]
[Site "?"]
[Date "2012.01.08"]
[Round "5"]
[White "Richter, Sven"]
[Black "Zipfel, Frank"]
[Result "1-0"]
[WhiteElo "1948"]
[BlackElo "1998"]
[PlyCount "99"]
[EventDate "2011.??.??"]
[WhiteTeam "VfL 1990 Gera"]
[BlackTeam "SV Jenapharm Jena"]

1. e4 d5 2. exd5 Qxd5 3. Nc3 Qa5 4. d4 Nf6 5. Bd3 Bg4 6. f3 Bh5 7. Bd2 Qb6 8.
Nge2 Bg6 9. Ne4 Nxe4 10. fxe4 e5 11. c3 exd4 12. cxd4 Nc6 13. Bc3 O-O-O 14. Qa4
Ne5 15. Bb1 Ng4 16. h3 Nf6 17. O-O Nxe4 18. Bxe4 Bxe4 19. Rxf7 Qg6 20. Rf2 Bd6
21. Bb4 Rhf8 22. Raf1 Bc6 23. Qb3 Rxf2 24. Rxf2 Qb1+ 25. Rf1 Bh2+ 26. Kf2 Qg6
27. g4 Qe4 28. Qe3 Qg2+ 29. Ke1 Re8 30. Rf8 Rxf8 31. Bxf8 Qd5 32. Bxg7 Bd6 33.
a3 b6 34. Be5 Bxe5 35. dxe5 Qa2 36. Qc3 Qb1+ 37. Qc1 Qe4 38. Qc3 Bb5 39. Qd2
Qh1+ 40. Kf2 Qh2+ 41. Ke1 Qxh3 42. Qf4 Qg2 43. Nd4 Be8 44. b4 c5 45. bxc5 bxc5
46. Nf5 Kd8 47. e6 Qh1+ 48. Kf2 Qb1 49. Qd6+ Kc8 50. Qxc5+ 1-0

[Event "Thüringenliga 2011/2012"]
[Site "?"]
[Date "2012.01.08"]
[Round "5"]
[White "Mißbach, Bernd"]
[Black "Schönfeld, Volker"]
[Result "1-0"]
[WhiteElo "1954"]
[BlackElo "1850"]
[PlyCount "63"]
[EventDate "2011.??.??"]
[WhiteTeam "SV Jenapharm Jena"]
[BlackTeam "VfL 1990 Gera"]

1. f4 d5 2. Nf3 g6 3. g3 Bg7 4. Bg2 Nf6 5. O-O O-O 6. c3 c5 7. d3 Nc6 8. Qc2
Bf5 9. Nh4 Qd7 10. e4 Bh3 11. e5 Nh5 12. Qf2 Bxg2 13. Qxg2 Bh8 14. Qe2 d4 15.
c4 Ng7 16. Nd2 Rae8 17. Ne4 b6 18. g4 f5 19. exf6 exf6 20. f5 g5 21. Nf3 Ne5
22. Nxe5 Rxe5 23. Nxf6+ Rxf6 24. Qxe5 Rf7 25. Re1 h6 26. Bd2 Kh7 27. Qe4 Kg8
28. Re2 h5 29. h3 hxg4 30. hxg4 Qc7 31. Kg2 Rf6 32. Bxg5 1-0

[Event "Thüringenliga 2011/2012"]
[Site "?"]
[Date "2012.01.08"]
[Round "5"]
[White "Walther, Thomas"]
[Black "Böhm, Christian"]
[Result "1/2-1/2"]
[WhiteElo "1839"]
[BlackElo "1813"]
[PlyCount "33"]
[EventDate "2011.??.??"]
[WhiteTeam "VfL 1990 Gera"]
[BlackTeam "SV Jenapharm Jena"]

1. e4 d6 2. d4 Nf6 3. Nc3 c6 4. f4 Qa5 5. Bd2 e5 6. dxe5 dxe5 7. fxe5 Ng4 8.
Nf3 Nxe5 9. Nxe5 Qxe5 10. Bc4 Bd6 11. Qf3 O-O 12. O-O-O Be6 13. Bxe6 Qxe6 14.
g3 Nd7 15. Qf5 Be5 16. Be3 Nf6 17. Qxe6 1/2-1/2

[Event "Thüringenliga 2011/2012"]
[Site "?"]
[Date "2012.01.08"]
[Round "5"]
[White "Skarus, Steffen"]
[Black "Fijalkowski, Jürgen"]
[Result "1/2-1/2"]
[WhiteElo "1873"]
[BlackElo "1815"]
[PlyCount "37"]
[EventDate "2011.??.??"]
[WhiteTeam "SV Jenapharm Jena"]
[BlackTeam "VfL 1990 Gera"]

1. c4 e5 2. g3 d6 3. Bg2 c6 4. Nc3 f5 5. e4 Nf6 6. d4 Qe7 7. Nge2 g6 8. O-O Bg7
9. dxe5 dxe5 10. Be3 O-O 11. Qc2 Be6 12. b3 Na6 13. a3 Rfd8 14. exf5 gxf5 15.
f3 Nd7 16. Bh3 Qf7 17. Rad1 Qh5 18. Kg2 Kh8 19. Ne4 1/2-1/2

[Event "Thüringenliga 2011/2012"]
[Site "?"]
[Date "2012.01.08"]
[Round "5"]
[White "Müller, Michael"]
[Black "Goemann, Jens"]
[Result "1-0"]
[WhiteElo "2240"]
[BlackElo "2113"]
[PlyCount "67"]
[EventDate "2011.??.??"]
[WhiteTeam "SSV Vimaria 91 Weimar"]
[BlackTeam "TSG Apolda"]

1. d4 Nf6 2. g3 g6 3. Bg2 Bg7 4. e4 O-O 5. Ne2 c5 6. c3 d6 7. O-O Qc7 8. h3 e5
9. Be3 Nbd7 10. Nd2 b5 11. f4 Rb8 12. g4 exf4 13. Bxf4 Bb7 14. Ng3 h6 15. Qf3
Qb6 16. Be3 Rbe8 17. Qf2 Qc7 18. b4 c4 19. a4 bxa4 20. Rxa4 Ra8 21. Ra5 a6 22.
g5 hxg5 23. Bxg5 Rae8 24. Re1 Re6 25. Bf1 d5 26. exd5 Rxe1 27. Qxe1 Re8 28. Qf2
Nxd5 29. Bxc4 N7b6 30. Rc5 Qd7 31. Bb3 Qxh3 32. Nde4 f5 33. Nd6 Re4 34. Ngxe4
1-0

[Event "Thüringenliga 2011/2012"]
[Site "?"]
[Date "2012.01.08"]
[Round "5"]
[White "Maiwald, Harald"]
[Black "Albrecht, Jürgen"]
[Result "1/2-1/2"]
[WhiteElo "2076"]
[BlackElo "2120"]
[PlyCount "116"]
[EventDate "2011.??.??"]
[WhiteTeam "TSG Apolda"]
[BlackTeam "SSV Vimaria 91 Weimar"]

1. Nf3 Nf6 2. g3 g6 3. Bg2 Bg7 4. O-O O-O 5. d4 d6 6. c4 Nc6 7. Nc3 a6 8. h3 e5
9. d5 Ne7 10. c5 Ne8 11. cxd6 Nxd6 12. e4 h6 13. Be3 f5 14. Rc1 g5 15. exf5
Nexf5 16. Bc5 Rf7 17. Nd2 b6 18. Ba3 Bd7 19. Nce4 Bb5 20. Re1 Qd7 21. Qg4 Raf8
22. Rc3 Qd8 23. Rec1 Nd4 24. Bf1 Bd7 25. Qd1 Bf5 26. Bxd6 cxd6 27. Qa4 g4 28.
hxg4 Bxg4 29. Qxa6 h5 30. Rc6 Nxc6 31. Rxc6 Rd7 32. Rxb6 h4 33. Rxd6 hxg3 34.
fxg3 Rxd6 35. Qxd6 Qa5 36. Qg6 Qa7+ 37. Kg2 Bf5 38. Qh5 Qe3 39. Qe2 Qd4 40. d6
Bh6 41. Qc4+ Kg7 42. Qxd4 exd4 43. Bc4 Rd8 44. Kf3 Bxd2 45. Nxd2 Rxd6 46. Kf4
Bc2 47. Ke5 Rd8 48. Bd5 d3 49. Bc4 Kg6 50. Ke4 Kf6 51. Ke3 Kf5 52. Nf3 Re8+ 53.
Kd2 Re2+ 54. Kc3 Ke4 55. Nd2+ Ke3 56. Nb3 Bxb3 57. Bxb3 Re1 58. a4 d2 1/2-1/2

[Event "Thüringenliga 2011/2012"]
[Site "?"]
[Date "2012.01.08"]
[Round "5"]
[White "Günther, Andreas"]
[Black "Rohmeiß, Roberto"]
[Result "1/2-1/2"]
[WhiteElo "2141"]
[BlackElo "2035"]
[PlyCount "79"]
[EventDate "2011.??.??"]
[WhiteTeam "SSV Vimaria 91 Weimar"]
[BlackTeam "TSG Apolda"]

1. e4 Nf6 2. e5 Nd5 3. d4 d6 4. Nf3 g6 5. Bc4 Nb6 6. Bb3 Bg7 7. a4 a5 8. O-O
O-O 9. Re1 Bg4 10. exd6 exd6 11. c3 d5 12. h3 Bxf3 13. Qxf3 c6 14. Bf4 Re8 15.
Nd2 N8d7 16. Qg3 Rc8 17. Re3 Rxe3 18. fxe3 Nf8 19. Rf1 Ne6 20. Be5 Bxe5 21.
Qxe5 Qg5 22. Qxg5 Nxg5 23. h4 Ne6 24. e4 Kg7 25. g3 Re8 26. Re1 dxe4 27. Rxe4
Nc7 28. Kf2 f5 29. Rxe8 Nxe8 30. Ke3 Kf6 31. c4 Nc7 32. Bd1 Ne6 33. b3 c5 34.
Nf3 Nd7 35. Bc2 Nb6 36. Bd1 h6 37. Bc2 Nd8 38. Ng1 Ne6 39. Ne2 g5 40. d5
1/2-1/2